000 00903nam a22003017a 4500
003 CHAP
005 20220329133654.0
008 971013s1978 r 00010 d
010 _a9318
011 _a10290
035 _a9527
040 _cCHAP
082 _a001.6
_bA2 1976
100 0 0 _aAbrams, Peter.
_9307
245 _aElementos de proceso de datos
260 _aMéxico, D. F. :
_bCECSA,
_c1978
300 _a572 p.
_b: ilus.
500 _aTrad. de la 2 ed. en inglés de 1976
590 _aBATCH-UPD
_b10
_c20130110
_lUCH01
_h1820
590 _aBATCH-UPD
_b10
_c20130410
_lUCH01
_h1154
590 _aBATCH-UPD
_b10
_c20130914
_lUCH01
_h1936
590 _aCONVERSION
_b10
_c20130109
_lUCH01
_h1306
650 1 4 _aProcesamiento automático de datos.
_991738
700 0 _aCorvine, Walter.
_928422
901 _aBK
942 _cLIBRO
949 _a001.6 A2 1976
_bBC
_cMUT
_d-20304
_eMUT
_h57848
_i9527
_si
999 _c9318
_d9318